Nesolventnosť podniku a možnosti jej riešenia

Analýza problematiky platobnej neschopnosti podniku s dôrazom na možnosti jej prevencie a včasnej diagnostiky. Identifikácia možných príčin a spôsoby jej riešenia.

Salvato in:
Dettagli Bibliografici
Autore principale: Mikócziová, Jana
Natura: Capitolo di libro
Lingua:slovacco
Soggetti:
Tags: Aggiungi Tag
Nessun Tag, puoi essere il primo ad aggiungerne!!

MARC

LEADER 00000naa$a2200000$$$4500
001 0095860
005 20240502072050.5
041 0 |a slo 
044 |a SK 
245 1 0 |a Nesolventnosť podniku a možnosti jej riešenia  |c Jana Mikócziová 
520 |a Analýza problematiky platobnej neschopnosti podniku s dôrazom na možnosti jej prevencie a včasnej diagnostiky. Identifikácia možných príčin a spôsoby jej riešenia. 
610 2 0 |a insolventnosť 
610 2 0 |a diagnostika podniková 
610 2 0 |a podnik 
610 2 0 |a analýza ekonomická 
610 2 0 |a konkurencieschopnosť 
610 2 0 |a situácia finančná podniku 
100 1 |a Mikócziová, Jana